AN EVALUATION OF THE EFFECTS OF EMPLOYEES IN DECISION MAKING PROCESS IN PUBLIC ENTITIES: A CASE OF KISII COUNTY ASSEMBLEY. (Record no. 217018)

MARC details
000 -LEADER
fixed length control field 00486nam a22001457a 4500
008 - FIXED-LENGTH DATA ELEMENTS--GENERAL INFORMATION
fixed length control field 260420b |||||||| |||| 00| 0 eng d
050 ## - LIBRARY OF CONGRESS CALL NUMBER
Classification number RES HD 5660 .K46 088 2017
Item number C.1
100 ## - MAIN ENTRY--PERSONAL NAME
Personal name OSUMBA, VIOLET AWUOR
245 ## - TITLE STATEMENT
Title AN EVALUATION OF THE EFFECTS OF EMPLOYEES IN DECISION MAKING PROCESS IN PUBLIC ENTITIES: A CASE OF KISII COUNTY ASSEMBLEY.
260 ## - PUBLICATION, DISTRIBUTION, ETC.
Place of publication, distribution, etc. KISII
Name of publisher, distributor, etc. KSU
Date of publication, distribution, etc. 2017
300 ## - PHYSICAL DESCRIPTION
Extent iX, 38P., ILL
500 ## - GENERAL NOTE
General note INCLUDES REFERENCES
942 ## - ADDED ENTRY ELEMENTS (KOHA)
Source of classification or shelving scheme Library of Congress Classification
Koha item type Reference
Holdings
Withdrawn status Lost status Source of classification or shelving scheme Damaged status Not for loan Collection Home library Current library Shelving location Date acquired Inventory number Total checkouts Full call number Barcode Date last seen Price effective from Koha item type
    Library of Congress Classification     Special Research Kisii University Library Kisii University Library On Display 04/20/2026 095343   RES HD 5660.K46 .O88 2017 005309 04/20/2026 04/20/2026 Reference